[Event "European Hybrid Qual 2021"]
[Site "Tornelo INT"]
[Date "2021.05.29"]
[Round "3.3"]
[White "Gumularz, Szymon"]
[Black "Jobava, Baadur"]
[Result "0-1"]
[WhiteTitle "IM"]
[BlackTitle "GM"]
[WhiteElo "2517"]
[BlackElo "2603"]
[WhiteFideId "1188062"]
[BlackFideId "13601520"]
[EventDate "2021.05.24"]
[EventType "k.o."]

1. Nf3 d5 2. g3 c6 3. Bg2 Nf6 4. O-O Bf5 5. c4 e6 6. Qb3 Qc8 7. cxd5 exd5 8. d3
Na6 9. Nc3 Be7 10. a3 O-O 11. Qc2 Re8 12. b4 h6 13. Bb2 Bh3 14. Rac1 Bxg2 15.
Kxg2 Nc7 16. Rfe1 a5 17. Na4 Nd7 18. Qb3 axb4 19. axb4 Bf8 20. Nd4 b5 21. Nc3
Qb7 22. Nb1 c5 23. bxc5 Nxc5 24. Qc2 N7e6 25. Nd2 Nxd4 26. Bxd4 Ne6 27. Nf3 b4
28. Qb2 Ra6 29. Ra1 Rc6 30. Rec1 Rec8 31. Rxc6 Qxc6 32. Be3 Rb8 33. Rc1 Qb7 34.
Kg1 b3 35. Rb1 g6 36. Bd2 Bg7 37. Bc3 Bxc3 38. Qxc3 b2 39. Ne5 d4 40. Qd2 Ng5
41. f3 Qd5 42. Nc4 h5 43. Rxb2 Ra8 44. Rb1 Re8 45. Kf2 h4 46. Rf1 Re6 47. gxh4
Nh3+ 48. Kg3 Qf5 49. Kg2 Rxe2+ 50. Qxe2 Nf4+ 51. Kf2 Nxe2 52. Kxe2 Qh3 53. Rf2
Qxh4 54. Nd2 Kg7 55. Rg2 f5 56. Rf2 Qe7+ 57. Kf1 Qe3 58. Kg2 Qxd3 59. f4 Kf6 60.
Nf3 Qe4 61. Kg3 d3 62. Ra2 Qc4 63. Rb2 Qc5 64. Ra2 Qb6 65. Rd2 Qe3 66. Ra2 Kg7
67. Rb2 Kf6 68. Ra2 Ke7 69. Rb2 Kd6 70. Ra2 Kc6 71. Rb2 Kc5 72. Ra2 Kb4 73. Rb2+
Kc3 74. Ra2 Kb3 75. Rg2 Qa7 76. Rd2 Kc3 77. Rg2 Qa4 78. Rf2 g5 79. Nxg5 d2 80.
Rf1 d1=Q 0-1

[Event "European Hybrid Qual 2021"]
[Site "Tornelo INT"]
[Date "2021.05.29"]
[Round "3.4"]
[White "Jobava, Baadur"]
[Black "Gumularz, Szymon"]
[Result "1/2-1/2"]
[WhiteTitle "GM"]
[BlackTitle "IM"]
[WhiteElo "2603"]
[BlackElo "2517"]
[WhiteFideId "13601520"]
[BlackFideId "1188062"]
[EventDate "2021.05.24"]
[EventType "k.o."]

1. d4 g6 2. e4 Bg7 3. c4 d6 4. Nc3 Nc6 5. Nge2 e5 6. d5 Nce7 7. Be3 f5 8. f3 Bh6
9. Bxh6 Nxh6 10. Qd2 Nf7 11. O-O-O O-O 12. Kb1 c5 13. dxc6 bxc6 14. c5 dxc5 15.
Qxd8 Rxd8 16. Rxd8+ Nxd8 17. Nc1 Kg7 18. Nd3 Kf6 19. Nxc5 Ne6 20. Nxe6 Bxe6 21.
Bd3 h5 22. Rd1 h4 23. Be2 Rb8 24. Na4 Rb4 25. Nc5 Rd4 26. Kc2 Bc8 27. g3 g5 28.
gxh4 gxh4 29. Rxd4 exd4 30. f4 fxe4 31. Nxe4+ Kf5 32. Nd6+ Kxf4 33. Nxc8 Nxc8
34. Kd3 c5 35. b4 cxb4 36. Kxd4 a5 37. Kc5 Ke3 38. Bg4 Ne7 39. Kb5 Kd4 40. Kxa5
Kc3 41. Kb5 Nd5 42. Kc5 Ne3 43. Be6 Nf1 44. h3 Ne3 45. Kb5 Nc2 46. Ka4 Nd4 47.
Bd5 Ne2 48. Be6 Nf4 49. Bf5 Kc4 50. Bg4 Kc3 51. Bf5 Nd5 52. Be6 Nf4 53. Bf5 1/2-1/2

[Event "European Hybrid Qual 2021"]
[Site "Tornelo INT"]
[Date "2021.05.28"]
[Round "3.1"]
[White "Grandelius, Nils"]
[Black "Nguyen, Thai Dai Van"]
[Result "1/2-1/2"]
[WhiteTitle "GM"]
[BlackTitle "GM"]
[WhiteElo "2670"]
[BlackElo "2577"]
[WhiteFideId "1710400"]
[BlackFideId "358878"]
[EventDate "2021.05.24"]
[EventType "k.o."]

1. e4 e5 2. Nf3 Nf6 3. d4 Nxe4 4. Bd3 d5 5. Nxe5 Nd7 6. Nc3 Nxc3 7. bxc3 Bd6 8.
O-O O-O 9. Re1 c5 10. Nxd7 Qxd7 11. dxc5 Bxc5 12. Qh5 h6 13. h3 Qd6 14. Qh4 Qd8
15. Qg3 Bd6 16. Bf4 Bxf4 17. Qxf4 Re8 18. Qd4 Rxe1+ 19. Rxe1 Be6 20. f4 Qd6 21.
c4 Qd7 22. c5 Rc8 23. Rb1 Bf5 24. Bxf5 Qxf5 25. Rxb7 1/2-1/2

[Event "European Hybrid Qual 2021"]
[Site "Tornelo INT"]
[Date "2021.05.29"]
[Round "3.2"]
[White "Nguyen, Thai Dai Van"]
[Black "Grandelius, Nils"]
[Result "1-0"]
[WhiteTitle "GM"]
[BlackTitle "GM"]
[WhiteElo "2577"]
[BlackElo "2670"]
[WhiteFideId "358878"]
[BlackFideId "1710400"]
[EventDate "2021.05.24"]
[EventType "k.o."]

1. d4 d5 2. c4 e6 3. Nf3 a6 4. Bg5 Be7 5. Bxe7 Nxe7 6. Nbd2 O-O 7. g3 Nd7 8. Bg2
c5 9. Rc1 cxd4 10. cxd5 Nxd5 11. Nxd4 N7f6 12. O-O e5 13. N4b3 Qe7 14. Ne4 Rd8
15. Nxf6+ Nxf6 16. Qc2 Bg4 17. Qc5 Qxc5 18. Nxc5 Bxe2 19. Bxb7 Bxf1 20. Bxa8 Be2
21. Bb7 a5 22. a4 g6 23. b4 axb4 24. a5 Rd2 25. Ra1 Rc2 26. a6 Bxa6 27. Rxa6 Ng4
28. Nd3 b3 29. Rb6 Rc3 30. h3 Rxd3 31. hxg4 Kg7 32. Be4 Rd4 33. f3 Rd1+ 34. Kf2
Rd2+ 35. Ke3 Rg2 36. Rxb3 h5 37. gxh5 f5 38. Rb6 Rxg3 39. Rxg6+ Rxg6 40. hxg6
Kxg6 41. Bb1 Kg5 42. Bc2 Kg6 43. Kf2 Kf6 44. Kg3 Kg5 45. Bb1 Kf6 46. Kh4 Kg6 47.
Bc2 Kf6 48. Kh5 e4 49. f4 e3 50. Bd1 1-0

[Event "European Hybrid Qual 2021"]
[Site "Tornelo INT"]
[Date "2021.05.28"]
[Round "3.1"]
[White "Bluebaum, Matthias"]
[Black "Ivanisevic, Ivan"]
[Result "0-1"]
[WhiteTitle "GM"]
[BlackTitle "GM"]
[WhiteElo "2669"]
[BlackElo "2606"]
[WhiteFideId "24651516"]
[BlackFideId "912417"]
[EventDate "2021.05.24"]
[EventType "k.o."]

1. d4 Nf6 2. c4 e6 3. Nf3 d5 4. Nc3 Nbd7 5. cxd5 exd5 6. Bf4 c6 7. Qc2 Nb6 8. h3
g6 9. e3 Bf5 10. Bd3 Bxd3 11. Qxd3 Bd6 12. Bh6 Qe7 13. Bg7 Rg8 14. Bxf6 Qxf6 15.
e4 O-O-O 16. e5 Qe7 17. O-O-O Bc7 18. Rhe1 f6 19. Kb1 Rgf8 20. Re2 Nc4 21. exf6
Qxf6 22. Rde1 Ba5 23. Re6 Qf5 24. Qxf5 Rxf5 25. Kc2 Rf4 26. Re7 Rd7 27. Re8+ Kc7
28. R1e7 Rf7 29. Rxf7 Rxf7 30. Re2 Bb4 31. Ng5 Rf5 32. Nxh7 Kd7 33. g4 Rf4 34.
Ng5 Be7 35. Ne6 Rf3 36. b3 Na3+ 37. Kb2 b6 38. h4 Bb4 39. Nb1 Nxb1 40. Kxb1 Rf6
41. Ng5 Bc3 42. Nh3 Bxd4 43. f4 c5 44. Rg2 Re6 45. Kc2 Re1 46. f5 gxf5 47. g5
Rh1 48. Nf4 Rxh4 49. Nxd5 Kd6 50. Nf6 Bxf6 51. gxf6 Ke6 52. Rg8 Kxf6 53. Rf8+
Ke5 54. Kd3 Rd4+ 55. Kc3 Rd7 0-1

[Event "European Hybrid Qual 2021"]
[Site "Tornelo INT"]
[Date "2021.05.29"]
[Round "3.2"]
[White "Ivanisevic, Ivan"]
[Black "Bluebaum, Matthias"]
[Result "1-0"]
[WhiteTitle "GM"]
[BlackTitle "GM"]
[WhiteElo "2606"]
[BlackElo "2669"]
[WhiteFideId "912417"]
[BlackFideId "24651516"]
[EventDate "2021.05.24"]
[EventType "k.o."]

1. d4 Nf6 2. c4 e6 3. Nc3 Bb4 4. e3 b6 5. Ne2 Ne4 6. Qc2 Bb7 7. a3 Bxc3+ 8. Nxc3
Nxc3 9. Qxc3 d6 10. b3 Nd7 11. Bb2 Qh4 12. Rd1 f5 13. c5 Bd5 14. cxd6 cxd6 15.
Qc7 Ke7 16. Ba6 Bxg2 17. d5 exd5 18. Rg1 Qxh2 19. Ke2 Rhg8 20. Bb7 Rad8 21. Rxg2
Qxg2 22. Rxd5 Qh2 23. Bc6 Ke6 24. Rd1 Nf6 25. Qxa7 d5 26. Qxb6 Rd6 27. Qc7 Qh5+
28. Ke1 Qf7 29. Qxf7+ Kxf7 30. Rc1 Ke6 31. b4 g5 32. b5 g4 33. Bxf6 Kxf6 34. a4
d4 35. exd4 Rxd4 36. Ra1 f4 37. a5 f3 38. a6 Rg5 39. Kf1 Rd2 40. a7 Rh5 41. Kg1
g3 42. Bxf3 gxf2+ 43. Kf1 Rg5 44. Bg2 1-0

[Event "European Hybrid Qual 2021"]
[Site "Tornelo INT"]
[Date "2021.05.28"]
[Round "3.1"]
[White "Kryakvin, Dmitry"]
[Black "Cheparinov, Ivan"]
[Result "1/2-1/2"]
[WhiteTitle "GM"]
[BlackTitle "GM"]
[WhiteElo "2577"]
[BlackElo "2667"]
[WhiteFideId "4153278"]
[BlackFideId "2905540"]
[EventDate "2021.05.24"]
[EventType "k.o."]

1. d4 Nf6 2. Bf4 g6 3. Nc3 d5 4. e3 Bg7 5. Nb5 Na6 6. Nf3 O-O 7. h3 Ne4 8. Nd2
Nxd2 9. Qxd2 c6 10. Nc3 Nc7 11. O-O-O b5 12. h4 Ne6 13. Be5 b4 14. Na4 Bxe5 15.
dxe5 Qa5 16. b3 Nc5 17. Nxc5 Qxc5 18. h5 a5 19. Rh4 g5 20. Rd4 f5 21. e4 fxe4
22. Qxg5+ Kh8 23. e6 Rxf2 24. Rc4 Qd6 25. h6 Qf4+ 26. Qxf4 Rxf4 27. Rxc6 Rf6 28.
Bc4 e3 29. Bxd5 Bb7 30. Rc5 e2 31. Bxb7 Rf1 32. Rd5 exd1=Q+ 33. Rxd1 Rxd1+ 34.
Kxd1 Rd8+ 35. Kc1 Rd6 36. Bc8 Rc6 37. Bd7 Rc3 38. Kd2 Rg3 39. Bc6 Rg6 40. Bd5
Rg5 41. Bf3 Rg6 42. Bd5 Rxh6 43. c4 bxc3+ 44. Kxc3 Rh4 45. a3 Kg7 46. b4 axb4+
47. axb4 Kf6 48. b5 Ke5 49. b6 Kd6 50. b7 Kc7 51. Kd3 Rb4 52. Kc3 Ra4 53. Bc6
Rf4 54. Bf3 h6 55. Bd5 h5 56. Bc6 h4 57. Bd5 Ra4 58. Bc6 Ra6 59. Bd5 Rb6 60. Kd4
Kd6 61. Kc4 Rb1 62. Kd4 Rb4+ 63. Kc3 Kc5 64. Be4 Rb6 65. Bf3 Rb5 66. Be4 Rb6 1/2-1/2

[Event "European Hybrid Qual 2021"]
[Site "Tornelo INT"]
[Date "2021.05.29"]
[Round "3.2"]
[White "Cheparinov, Ivan"]
[Black "Kryakvin, Dmitry"]
[Result "1-0"]
[WhiteTitle "GM"]
[BlackTitle "GM"]
[WhiteElo "2667"]
[BlackElo "2577"]
[WhiteFideId "2905540"]
[BlackFideId "4153278"]
[EventDate "2021.05.24"]
[EventType "k.o."]

1. e4 c5 2. Nf3 d6 3. d4 cxd4 4. Nxd4 Nf6 5. Nc3 Nc6 6. Bg5 e6 7. Qd2 a6 8.
O-O-O Bd7 9. f3 Be7 10. Be3 h5 11. Kb1 Rc8 12. Nxc6 Bxc6 13. Rg1 b5 14. Ne2 Bb7
15. Nd4 Nd7 16. h4 Bxh4 17. Rh1 Be7 18. g4 d5 19. exd5 Bxd5 20. Nf5 Bxf3 21.
Nxg7+ Kf8 22. Nxe6+ fxe6 23. Qf2 1-0

[Event "European Hybrid Qual 2021"]
[Site "Tornelo INT"]
[Date "2021.05.28"]
[Round "3.1"]
[White "Sjugirov, Sanan"]
[Black "Kollars, Dmitrij"]
[Result "1/2-1/2"]
[WhiteTitle "GM"]
[BlackTitle "GM"]
[WhiteElo "2663"]
[BlackElo "2607"]
[WhiteFideId "4189302"]
[BlackFideId "12909572"]
[EventDate "2021.05.24"]
[EventType "k.o."]

1. Nf3 d5 2. g3 Bg4 3. Bg2 c6 4. O-O Nd7 5. d3 Ngf6 6. c4 e6 7. cxd5 exd5 8. Qc2
Bc5 9. e4 O-O 10. Nc3 Re8 11. h3 Bxf3 12. Bxf3 Ne5 13. Be2 Bd4 14. Kh2 Ng6 15.
Bf3 dxe4 16. dxe4 Qa5 17. Bg2 Rad8 18. f4 Qc5 19. Bd2 b5 20. Rac1 b4 21. Na4
Qxc2 22. Rxc2 Nxe4 23. Bxb4 c5 24. Ba3 f5 25. Re1 h5 26. Nxc5 Rc8 27. Ree2 h4
28. Nxe4 Rxc2 29. Rxc2 fxe4 30. Re2 e3 31. Bc6 Rd8 32. Be4 Kf7 33. b3 Bb6 34.
Bc1 Rd1 35. Bxe3 Bxe3 36. Rxe3 Rd2+ 37. Kg1 Rxa2 38. Bd5+ Kf8 39. f5 Ne7 40. Be6
hxg3 41. Rxg3 Nc6 42. Rd3 Ne5 43. Re3 Nc6 44. Rd3 Ne5 45. Rd5 Nf3+ 46. Kf1 Ng5
47. Rd7 Nxe6 48. fxe6 g5 49. Rf7+ Ke8 50. Rg7 Rh2 51. Rxa7 Rxh3 52. b4 Re3 53.
e7 Rxe7 54. Rxe7+ Kxe7 55. Kg2 Kd6 56. Kg3 Kc6 57. Kg4 Kb5 58. Kxg5 Kxb4 1/2-1/2

[Event "European Hybrid Qual 2021"]
[Site "Tornelo INT"]
[Date "2021.05.29"]
[Round "3.2"]
[White "Kollars, Dmitrij"]
[Black "Sjugirov, Sanan"]
[Result "1/2-1/2"]
[WhiteTitle "GM"]
[BlackTitle "GM"]
[WhiteElo "2607"]
[BlackElo "2663"]
[WhiteFideId "12909572"]
[BlackFideId "4189302"]
[EventDate "2021.05.24"]
[EventType "k.o."]

1. e4 e5 2. Nf3 Nc6 3. Bb5 Nf6 4. O-O Nxe4 5. Re1 Nd6 6. Bf1 Be7 7. Nxe5 Nxe5 8.
Rxe5 O-O 9. Nc3 Ne8 10. Nd5 Bd6 11. Re1 c6 12. Ne3 Bc7 13. Nf5 d5 14. Ne7+ Kh8
15. Nxc8 Rxc8 16. d3 f5 17. Bd2 Nf6 18. Qf3 1/2-1/2

[Event "European Hybrid Qual 2021"]
[Site "Tornelo INT"]
[Date "2021.05.29"]
[Round "3.3"]
[White "Kollars, Dmitrij"]
[Black "Sjugirov, Sanan"]
[Result "1/2-1/2"]
[WhiteTitle "GM"]
[BlackTitle "GM"]
[WhiteElo "2607"]
[BlackElo "2663"]
[WhiteFideId "12909572"]
[BlackFideId "4189302"]
[EventDate "2021.05.24"]
[EventType "k.o."]

1. e4 e5 2. Nf3 Nc6 3. Bb5 Nf6 4. O-O Nxe4 5. Re1 Nd6 6. a4 Be7 7. Nc3 O-O 8. d4
e4 9. Nxe4 Nxe4 10. Rxe4 d5 11. Re1 Bd6 12. Ne5 Ne7 13. Bf1 f6 14. Nd3 a5 15. c3
c6 16. Qf3 Ng6 17. g3 Qc7 18. h4 Bd7 19. h5 Nh8 20. Nc5 Bxc5 21. dxc5 Nf7 22.
Be2 Rae8 23. Qf4 Qd8 24. f3 Ng5 25. Kg2 Re5 26. Bd2 Qe8 27. Bd3 Qxh5 28. Rh1 Qe8
29. Rae1 h6 30. Qd4 Rxe1 31. Bxe1 Qc8 32. Bd2 Bf5 33. Bxg5 fxg5 34. Re1 Qd7 35.
g4 Bxd3 36. Qxd3 Qf7 37. Qe3 Kh8 38. Re2 Qf6 39. Re1 Qg6 40. Qe7 Rg8 41. Re2 Qd3
42. Rf2 Qc4 43. Rd2 Qf4 44. Re2 Rf8 45. Rf2 Rf7 46. Qd8+ Rf8 47. Qxa5 h5 48. Qb4
hxg4 49. Qxf4 Rxf4 50. fxg4 Rxg4+ 51. Kh3 Rxa4 52. Rf7 d4 53. cxd4 Rxd4 54. Rxb7
Rc4 55. b4 Kh7 56. Rb6 Rd4 57. Rxc6 Rxb4 58. Rc8 Rc4 59. c6 Kg6 60. c7 Rc6 61.
Kg4 Rc5 62. Kf3 Rc4 63. Kg3 Kf7 64. Kf3 Kg6 65. Kg3 Rc6 66. Kf3 Rc3+ 67. Kg4 Rc1
68. Kg3 Rc4 69. Kf3 g4+ 70. Kg2 Kg5 71. Kg3 Rc3+ 72. Kh2 g6 73. Kg2 Rc2+ 74. Kg3
Rc1 75. Kg2 Rc3 76. Kh2 Rc5 77. Kg3 Rc2 78. Ra8 Rc3+ 79. Kg2 Rxc7 80. Ra3 Kh4
81. Kg1 Rc1+ 82. Kg2 Rc2+ 83. Kg1 g5 84. Rb3 Re2 85. Ra3 Rd2 86. Rb3 g3 87. Rb8
Kg4 88. Rf8 Rd1+ 89. Kg2 Rd2+ 90. Kg1 Rd4 91. Kg2 Rf4 92. Rd8 Rf2+ 93. Kg1 Re2
94. Rf8 Rd2 95. Rf7 Rd1+ 96. Kg2 Rd2+ 97. Kg1 Rd5 98. Rf8 Rd4 99. Kg2 Rd2+ 100.
Kg1 1/2-1/2

[Event "European Hybrid Qual 2021"]
[Site "Tornelo INT"]
[Date "2021.05.29"]
[Round "3.4"]
[White "Sjugirov, Sanan"]
[Black "Kollars, Dmitrij"]
[Result "1-0"]
[WhiteTitle "GM"]
[BlackTitle "GM"]
[WhiteElo "2663"]
[BlackElo "2607"]
[WhiteFideId "4189302"]
[BlackFideId "12909572"]
[EventDate "2021.05.24"]
[EventType "k.o."]

1. Nf3 d5 2. g3 Bg4 3. Bg2 c6 4. O-O Nf6 5. h3 Bh5 6. d3 Nbd7 7. c4 e6 8. cxd5
exd5 9. e4 dxe4 10. dxe4 Bc5 11. Qc2 O-O 12. Kh2 Qe7 13. Nh4 Rfe8 14. f4 Bg6 15.
Nxg6 hxg6 16. Nc3 Nb6 17. e5 Nfd5 18. Ne4 Be3 19. Qe2 Bxc1 20. Raxc1 Rad8 21. a3
f6 22. exf6 gxf6 23. Qf2 f5 24. Nc5 Qf7 25. Rfe1 Kh7 26. b4 Nf6 27. Rxe8 Rxe8
28. Re1 Re7 29. Rxe7 Qxe7 30. Nd3 Nfd7 31. Qd4 Nc8 32. Ne1 a6 33. Nf3 Nf6 34.
Ng5+ Kg7 35. a4 Nd6 36. Qe5 Nc8 37. Ne6+ Kf7 38. Ng5+ Kg7 39. Ne6+ Kf7 40. Nc5
Nd6 41. Qd4 Nde4 42. Nd3 Kg7 43. Ne5 Nd6 44. g4 fxg4 45. hxg4 Kh7 46. Bf3 Nf7
47. Nxf7 Qxf7 48. Kg3 Qe7 49. Qe5 Qxe5 50. fxe5 Nd5 51. b5 axb5 52. axb5 g5 53.
Bxd5 cxd5 54. Kf3 Kg7 55. Ke3 Kf7 56. Kd4 Ke6 57. b6 1-0

[Event "European Hybrid Qual 2021"]
[Site "Tornelo INT"]
[Date "2021.05.28"]
[Round "3.1"]
[White "Indjic, Aleksandar"]
[Black "Donchenko, Alexander"]
[Result "1/2-1/2"]
[WhiteTitle "GM"]
[BlackTitle "GM"]
[WhiteElo "2607"]
[BlackElo "2660"]
[WhiteFideId "911925"]
[BlackFideId "24603295"]
[EventDate "2021.05.24"]
[EventType "k.o."]

1. d4 Nf6 2. c4 e6 3. Nc3 Bb4 4. Qc2 d5 5. a3 Bxc3+ 6. Qxc3 O-O 7. Bg5 dxc4 8.
Qxc4 b6 9. Rd1 Ba6 10. Qa4 h6 11. Bh4 Qd7 12. Qc2 g5 13. Bg3 Qc6 14. Qxc6 Nxc6
15. Nf3 Rac8 16. Rc1 Ne7 17. e3 Bxf1 18. Rxf1 Ne4 19. Nd2 Nxd2 20. Kxd2 c6 21.
Bd6 Rfe8 22. Rc2 Nf5 23. Be5 c5 24. dxc5 Red8+ 25. Ke2 Rd5 26. Bc3 Rcxc5 27.
Rfc1 Rd7 28. g4 Ne7 29. b4 Rc4 30. Be5 Rxc2+ 31. Rxc2 f5 32. h3 Kf7 33. a4 a6
34. Bd4 b5 35. axb5 axb5 36. Rc5 Rb7 37. Kf3 Kg6 38. gxf5+ exf5 39. e4 Rd7 40.
exf5+ Nxf5 41. Be5 Rd1 42. Rxb5 Nd4+ 43. Bxd4 Rxd4 44. Rb6+ Kf5 45. b5 Rd3+ 46.
Kg2 Rb3 47. Rb8 Kg6 48. f3 Kh5 49. Kg3 Rb4 50. b6 Rb3 51. Rb7 Rb4 52. Rb8 Rb3
53. Rb7 Rb4 54. Rb8 1/2-1/2

[Event "European Hybrid Qual 2021"]
[Site "Tornelo INT"]
[Date "2021.05.29"]
[Round "3.2"]
[White "Donchenko, Alexander"]
[Black "Indjic, Aleksandar"]
[Result "0-1"]
[WhiteTitle "GM"]
[BlackTitle "GM"]
[WhiteElo "2660"]
[BlackElo "2607"]
[WhiteFideId "24603295"]
[BlackFideId "911925"]
[EventDate "2021.05.24"]
[EventType "k.o."]

1. d4 Nf6 2. c4 e6 3. Nf3 c5 4. d5 d6 5. Nc3 exd5 6. cxd5 g6 7. Bf4 Bg7 8. h3
O-O 9. e3 Ne8 10. Be2 Nd7 11. O-O Ne5 12. Nd2 f5 13. Bg3 Bd7 14. a4 Nc7 15. Qb3
Rb8 16. Ra2 Qe7 17. Nc4 Nxc4 18. Qxc4 a6 19. Qb3 b6 20. Qc2 g5 21. Raa1 f4 22.
exf4 gxf4 23. Bh2 Be5 24. Kh1 Kh8 25. Bf3 Qh4 26. Qd2 Rf6 27. Rae1 Bxh3 28. gxh3
Qxh3 29. Bg4 Qxg4 30. f3 Qh3 31. Ne4 Rg6 32. Rf2 Rbg8 33. b3 Bd4 0-1

[Event "European Hybrid Qual 2021"]
[Site "Tornelo INT"]
[Date "2021.05.28"]
[Round "3.1"]
[White "Heberla, Bartlomiej"]
[Black "Lupulescu, Constantin"]
[Result "0-1"]
[WhiteTitle "GM"]
[BlackTitle "GM"]
[WhiteElo "2556"]
[BlackElo "2656"]
[WhiteFideId "1115120"]
[BlackFideId "1207822"]
[EventDate "2021.05.24"]
[EventType "k.o."]

1. e4 c5 2. Nf3 Nc6 3. Nc3 d6 4. d4 cxd4 5. Nxd4 Nf6 6. Be2 e5 7. Nf3 h6 8. O-O
Be7 9. Re1 O-O 10. h3 a6 11. Bf1 Qc7 12. b3 b5 13. Bb2 Re8 14. Qd2 Nb8 15. a4 b4
16. Nd5 Nxd5 17. exd5 a5 18. Rac1 Ba6 19. c3 bxc3 20. Rxc3 Qb7 21. Ba3 Bxf1 22.
Rxf1 Nd7 23. Rd1 Nf6 24. Re3 Rec8 25. Nh4 Ne8 26. Nf3 Bd8 27. Rc3 Bb6 28. Rc4
Nf6 29. Qe2 Rxc4 30. bxc4 Qc7 31. Rb1 Nd7 32. Nd2 Bc5 33. Bxc5 Nxc5 34. Qd1 Re8
35. Qc2 e4 36. Re1 f5 37. Nb3 Nd3 38. Rf1 Rc8 39. Nd4 Qd7 40. Nc6 Ra8 41. Qc3
Nc5 42. Qg3 Kh7 43. h4 Rf8 44. Qf4 Nxa4 45. Ra1 Nb2 46. Rxa5 Nd3 47. Qe3 Qb7 48.
Ra7 Qb1+ 49. Kh2 Qb2 50. Qd4 Qxd4 51. Nxd4 Nxf2 52. Ne6 Rg8 53. Kg3 Nd3 54. h5
Kh8 55. Nf4 Re8 56. Nxd3 exd3 57. Ra1 Re4 58. Rd1 Rd4 59. Kf3 Kg8 60. Ke3 Rxc4
61. Kxd3 Rh4 62. Rf1 Rxh5 63. Kc4 Rg5 64. Kb5 Rxg2 65. Kc6 g6 66. Kxd6 Kf7 67.
Re1 h5 68. Re7+ Kf6 69. Re6+ Kf7 70. Re7+ Kf6 71. Re6+ Kg5 72. Ke7 Rd2 73. d6 f4
74. Kf7 f3 75. Rxg6+ Kf4 76. Ke7 Re2+ 77. Kf7 Rd2 78. Ke7 h4 79. d7 Rxd7+ 80.
Kxd7 h3 81. Rf6+ Ke4 82. Re6+ Kf5 83. Ke7 h2 84. Rh6 f2 85. Kf7 Kg5 86. Rg6+ Kh5
87. Kg7 f1=Q 88. Rh6+ Kg5 89. Rxh2 Qf6+ 0-1

[Event "European Hybrid Qual 2021"]
[Site "Tornelo INT"]
[Date "2021.05.29"]
[Round "3.2"]
[White "Lupulescu, Constantin"]
[Black "Heberla, Bartlomiej"]
[Result "1-0"]
[WhiteTitle "GM"]
[BlackTitle "GM"]
[WhiteElo "2656"]
[BlackElo "2556"]
[WhiteFideId "1207822"]
[BlackFideId "1115120"]
[EventDate "2021.05.24"]
[EventType "k.o."]

1. d4 Nf6 2. c4 g6 3. Nc3 Bg7 4. e4 O-O 5. Nf3 d6 6. Be2 e5 7. dxe5 dxe5 8. Qxd8
Rxd8 9. Bg5 Re8 10. Nd5 Nxd5 11. cxd5 c6 12. Bc4 cxd5 13. Bxd5 Na6 14. O-O-O Nb4
15. Bb3 Be6 16. Bxe6 Rxe6 17. Kb1 f5 18. Rd7 Rc6 19. Rxb7 Nd3 20. Be3 Rac8 21.
a3 f4 22. Bxa7 Bf6 23. Rd7 Rc1+ 24. Rxc1 Rxc1+ 25. Ka2 Rd1 26. Rd5 g5 27. h3 h5
28. Kb3 g4 29. hxg4 hxg4 30. Kc2 gxf3 31. gxf3 Rc1+ 32. Kxd3 Kf7 33. Kd2 Rh1 34.
Bc5 Ke6 35. Kc2 Rh3 36. a4 1-0

[Event "European Hybrid Qual 2021"]
[Site "Tornelo INT"]
[Date "2021.05.28"]
[Round "3.1"]
[White "Inarkiev, Ernesto"]
[Black "Afanasiev, Nikita"]
[Result "1/2-1/2"]
[WhiteTitle "GM"]
[BlackTitle "GM"]
[WhiteElo "2654"]
[BlackElo "2522"]
[WhiteFideId "4162722"]
[BlackFideId "24183555"]
[EventDate "2021.05.24"]
[EventType "k.o."]

1. d4 d5 2. c4 dxc4 3. e4 Nf6 4. e5 Nd5 5. Bxc4 Bf5 6. Ne2 Nb6 7. Bb3 e6 8. Nbc3
Nc6 9. O-O Qd7 10. Be3 O-O-O 11. Qc1 Kb8 12. Rd1 Nb4 13. Ng3 Bg6 14. Nge4 Qc6
15. f3 N4d5 16. Bf2 Bb4 17. Nc5 Nxc3 18. bxc3 Bxc5 19. dxc5 Nd7 20. Qe3 b6 21.
cxb6 axb6 22. Bh4 Rde8 23. Rd4 Nc5 24. Bd1 Ka7 25. a4 Ra8 26. a5 Kb8 27. Bf2 Kc8
28. f4 Be4 29. Qg3 Kb7 30. h3 h5 31. Rxe4 Nxe4 32. Qe3 Nxc3 33. Bf3 Nd5 34. Rc1
Qb5 35. axb6 c6 36. Qd2 Qb4 37. Qc2 Rhc8 38. f5 Qf4 39. fxe6 fxe6 40. Re1 Qf7
41. Be4 Qf4 42. Bf3 Qf7 43. Be4 Ra3 44. Bc5 Rc3 45. Qa2 Ra8 46. Qxa8+ Kxa8 47.
Ra1+ Kb7 48. Ra7+ Kc8 49. Rxf7 Rxc5 50. b7+ Kb8 51. Rxg7 Nb4 52. Rh7 Rxe5 53.
Bf3 Nd5 54. h4 Nf6 55. Rf7 Nd5 56. Kf2 c5 57. g4 hxg4 58. Bxg4 Ne3 59. Bf3 Rf5
60. Rg7 Nd5 61. h5 Rf6 62. Rg6 e5 63. Kg3 Rxg6+ 64. hxg6 Ne7 65. Be4 Nxg6 66.
Bxg6 Kxb7 67. Kf3 Kb6 1/2-1/2

[Event "European Hybrid Qual 2021"]
[Site "Tornelo INT"]
[Date "2021.05.29"]
[Round "3.2"]
[White "Afanasiev, Nikita"]
[Black "Inarkiev, Ernesto"]
[Result "1/2-1/2"]
[WhiteTitle "GM"]
[BlackTitle "GM"]
[WhiteElo "2522"]
[BlackElo "2654"]
[WhiteFideId "24183555"]
[BlackFideId "4162722"]
[EventDate "2021.05.24"]
[EventType "k.o."]

1. e4 c5 2. Nf3 Nc6 3. d4 cxd4 4. Nxd4 Nf6 5. Nc3 e5 6. Ndb5 d6 7. Nd5 Nxd5 8.
exd5 Ne7 9. c4 Nf5 10. Bd3 g6 11. O-O a6 12. Nc3 Bg7 13. Qa4+ Bd7 14. Qb4 O-O
15. Ne4 b5 16. Nxd6 Nxd6 17. Qxd6 Re8 18. c5 e4 19. Be2 Be5 20. Qb6 Bc7 21. Qb7
Rb8 22. Qxa6 Ra8 23. Qb7 Rb8 24. Qa6 Ra8 25. Qb7 Rb8 26. Qa6 1/2-1/2

[Event "European Hybrid Qual 2021"]
[Site "Tornelo INT"]
[Date "2021.05.29"]
[Round "3.3"]
[White "Afanasiev, Nikita"]
[Black "Inarkiev, Ernesto"]
[Result "1-0"]
[WhiteTitle "GM"]
[BlackTitle "GM"]
[WhiteElo "2522"]
[BlackElo "2654"]
[WhiteFideId "24183555"]
[BlackFideId "4162722"]
[EventDate "2021.05.24"]
[EventType "k.o."]

1. e4 c5 2. Nf3 Nc6 3. Bb5 g6 4. O-O Bg7 5. Bxc6 dxc6 6. d3 Nf6 7. a4 Nd7 8.
Nbd2 Nf8 9. Nc4 Bg4 10. a5 Ne6 11. c3 O-O 12. h3 Bxf3 13. Qxf3 Qc7 14. Be3 Rfd8
15. Rfd1 b5 16. axb6 axb6 17. Qe2 h5 18. h4 Rxa1 19. Rxa1 b5 20. Nd2 Qd6 21. Ra6
Kh7 22. g3 Bh6 23. f4 Bg7 24. Kf2 Bd4 25. Nf3 Bxe3+ 26. Qxe3 Nc7 27. Ra7 Rc8 28.
f5 Kg7 29. Kg2 Ra8 30. Rxa8 Nxa8 31. fxg6 fxg6 32. d4 cxd4 33. Qxd4+ Qxd4 34.
Nxd4 Nb6 35. Nxc6 Na4 36. Nd4 Nxb2 37. Nxb5 Kf6 38. Kf3 Ke5 39. Nd4 Na4 40. Ne2
Nc5 41. Nf4 Kf6 42. Ke3 e5 43. Nd3 Nb3 44. c4 Ke6 45. c5 Nd4 46. Nb4 Nb3 47. c6
Kd6 48. Nd5 Kxc6 49. Ne7+ Kd6 50. Nxg6 Nc5 51. Nf8 Ke7 52. Nh7 Kf7 53. Ng5+ Kf6
54. Nf3 Ke6 55. Ne1 Kf6 56. Nd3 Nb3 57. Nb4 Nc5 58. Nd5+ Ke6 59. Kf3 Kf7 60. Ne3
Kg6 61. Nd1 Nb3 62. Ke3 Nc5 63. Nb2 Kf6 64. Nc4 Nb3 65. Nd2 Nc5 66. Nf3 Ke6 67.
Nh2 Kf7 68. g4 hxg4 69. Nxg4 Nd7 70. h5 Kg7 71. Ke2 Nc5 72. Kf3 Nd7 73. Kg3 Nc5
74. Nf2 Kf6 75. Kh4 Kg7 76. Kg5 Nd7 77. Ng4 1-0